[Event "IBCA Wch blind 10th"]
[Site "Istanbul"]
[Date "2002.11.25"]
[Round "6"]
[White "Gunajew, Rafal"]
[Black "Kachanov, Andrej"]
[Result "1-0"]
[WhiteElo "2210"]
[BlackElo "2090"]
[PlyCount "113"]
[EventDate "2002.11.20"]
[EventType "swiss"]
[EventRounds "9"]
[EventCountry "TUR"]
[SourceTitle "EXT 2004"]
[Source "ChessBase"]
[SourceDate "2003.11.25"]
[SourceVersion "1"]
[SourceVersionDate "2003.11.25"]
[SourceQuality "1"]

1. e4 c5 2. Nf3 Nc6 3. d4 cxd4 4. Nxd4 Nf6 5. Nc3 g6 6. Be3 Bg7 7. Bc4 0-0 8. Bb3 a5 9. 0-0 a4 10. Nxa4 Nxe4 11. Nb5 Ra6 12. c4 d6 13. Qe2 Nf6 14. Rad1 Be6 15. Nc5 Ra8 16. Nxe6 fxe6 17. Bg5 Qc8 18. Rfe1 h6 19. Bh4 g5 20. Bg3 Kf7 21. c5 d5 22. Nc7 Nd8 23. Nxa8 Qxa8 24. h4 Qc8 25. hxg5 hxg5 26. Rc1 Rh8 27. Bc2 Nh5 28. Be5 Nc6 29. Bxg7 Nxg7 30. Qg4 Rh5 31. Re3 Qh8 32. Rh3 Rxh3 33. Qxh3 Qxh3 34. gxh3 e5 35. a3 Ne6 36. b4 Nf4 37. Kf1 Nd4 38. Bd1 e4 39. a4 Nd3 40. Rb1 Ke8 41. a5 Kd7 42. Be2 Nf4 43. b5 Kc7 44. a6 Kb8 45. c6 b6 46. Rc1 Nfxe2 47. c7+ Kc8 48. a7 Nxc1 49. a8Q+ Kxc7 50. Qa7+ Kc8 51. Qxb6 Ncb3 52. Qa6+ Kd7 53. Qa7+ Kd6 54. b6 Nb5 55. Qb8+ Kc6 56. b7 Nd6 57. Qc8+ 1-0

[Event "IBCA Wch blind 10th"]
[Site "Istanbul"]
[Date "2002.11.24"]
[Round "5"]
[White "Tavsoli, Hassan"]
[Black "Kachanov, Andrej"]
[Result "0-1"]
[WhiteElo "1800"]
[BlackElo "2090"]
[PlyCount "30"]
[EventDate "2002.11.20"]
[EventType "swiss"]
[EventRounds "9"]
[EventCountry "TUR"]
[SourceTitle "EXT 2004"]
[Source "ChessBase"]
[SourceDate "2003.11.25"]
[SourceVersion "1"]
[SourceVersionDate "2003.11.25"]
[SourceQuality "1"]

1. e4 c5 2. Nf3 Nc6 3. d4 cxd4 4. Nxd4 Nf6 5. Nc3 g6 6. Be3 Bg7 7. f3 0-0 8. Qd2 d5 9. exd5 Nxd5 10. Nxc6 bxc6 11. Bd4 e5 12. Bc5 Re8 13. 0-0-0 Be6 14. Kb1 Nxc3+ 15. bxc3 Qa5 0-1

[Event "IBCA Wch blind 10th"]
[Site "Istanbul"]
[Date "2002.11.21"]
[Round "2"]
[White "Kachanov, Andrej"]
[Black "Kravchenko, Vladimir V"]
[Result "1-0"]
[WhiteElo "2090"]
[BlackElo "1800"]
[PlyCount "51"]
[EventDate "2002.11.20"]
[EventType "swiss"]
[EventRounds "9"]
[EventCountry "TUR"]
[SourceTitle "EXT 2004"]
[Source "ChessBase"]
[SourceDate "2003.11.25"]
[SourceVersion "1"]
[SourceVersionDate "2003.11.25"]
[SourceQuality "1"]

1. e4 e5 2. Nf3 Nc6 3. Bc4 h6 4. 0-0 Nf6 5. d4 exd4 6. e5 Nh7 7. c3 dxc3 8. Qd5 Qe7 9. Nxc3 Nb4 10. Qe4 Nc6 11. Re1 Na5 12. Nb5 Kd8 13. Bd3 Ng5 14. Bxg5 hxg5 15. Rac1 Nc6 16. h3 g6 17. Nc3 Bh6 18. Nd5 Qe6 19. g4 Bg7 20. Nxg5 Qe8 21. Qf4 Rf8 22. e6 d6 23. Nxf7+ Rxf7 24. exf7 Qf8 25. Rxc6 bxc6 26. Qg5+ 1-0